The Supreme Court and education /
| Other Authors: | |
|---|---|
| Format: | eBook |
| Language: | English |
| Published: |
New York :
Bureau of Publications, Teachers College, Columbia University,
1962.
|
| Edition: | Third printing. |
| Series: | Classics in education ;
no. 4. Core collection. U.S. Supreme Court library. Civil rights and social justice. |
| Subjects: | |
| Online Access: | Connect to the full text of this electronic book |
MARC
| Tag | First Indicator | Second Indicator | Subfields |
|---|---|---|---|
| LEADER | 00000cam a2200000 i 4500 | ||
| 001 | in00004398607 | ||
| 005 | 20210422112101.0 | ||
| 006 | m fo d | ||
| 007 | cr bn nnnauuuu | ||
| 008 | 170129t19621960nyu ov 000 0 eng d | ||
| 035 | |a ccn00787105 | ||
| 040 | |a NjRocCCS |b eng |e rda |c NjRocCCS |d UtOrBLW | ||
| 043 | |a n-us--- | ||
| 050 | 4 | |a KF4119 |b .S87 1962 | |
| 245 | 0 | 4 | |a The Supreme Court and education / |c edited, with an introduction and notes, by David Fellman. |
| 250 | |a Third printing. | ||
| 264 | 1 | |a New York : |b Bureau of Publications, Teachers College, Columbia University, |c 1962. | |
| 264 | 2 | |a [Getzville, New York] : |b William S. Hein and Company, |c [2017] | |
| 264 | 4 | |c ©1960 | |
| 300 | |a 1 online resource (xv, 131 pages). | ||
| 336 | |a text |b txt |2 rdacontent | ||
| 337 | |a computer |b c |2 rdamedia | ||
| 338 | |a online resource |b cr |2 rdacarrier | ||
| 490 | 1 | |a Classics in education ; |v no. 4 | |
| 490 | 0 | |a HeinOnline legal classics library |0 http://id.loc.gov/authorities/names/no94001626 | |
| 490 | 1 | |a HeinOnline core collection | |
| 490 | 1 | |a HeinOnline U.S. Supreme Court library | |
| 490 | 1 | |a HeinOnline civil rights and social justice | |
| 588 | |a Description based on PDF title page, viewed January 29, 2017. | ||
| 650 | 0 | |a Educational law and legislation |z United States |v Cases. |0 http://id.loc.gov/authorities/subjects/sh2008102842 | |
| 655 | 7 | |a Electronic books. |2 local | |
| 700 | 1 | |a Fellman, David, |d 1907-2003, |e editor. |0 http://id.loc.gov/authorities/names/n50001113 | |
| 776 | 0 | 8 | |c Original |w (DLC) 60008488 |
| 830 | 0 | |a Classics in education ; |v no. 4. |0 http://id.loc.gov/authorities/names/n84726740 | |
| 830 | 0 | |a Core collection. | |
| 830 | 0 | |a U.S. Supreme Court library. | |
| 830 | 0 | |a Civil rights and social justice. | |
| 856 | 4 | 0 | |u http://proxy.library.tamu.edu/login?url=https://www.heinonline.org/HOL/Page?handle=hein.beal/spcted0001&id=1&size=2&collection=civil&index=civil |z Connect to the full text of this electronic book |t 0 |
| 949 | |a KF 4119 .S87 1962 |w LC |c 1 |i 787105-1001 |d 9/14/2020 |l MAIN |m HEN |q 2 |r Y |s Y |t WEB |u 1/29/2017 |x ENG |z N-US | ||
| 999 | f | f | |s afb6943f-ba19-3bd1-bba8-5879ba69d560 |i 3e6dc823-9bb5-301e-83c2-1399651deb1b |t 0 |
| 952 | f | f | |a Texas A&M University |b College Station |c Electronic Resources |d Available Online |t 0 |e KF4119 .S87 1962 |h Library of Congress classification |
| 998 | f | f | |a KF4119 .S87 1962 |t 0 |l Available Online |